000
00242nam a2200109Ia 4500
008
240625s9999 xx 000 0 und d
041
_a
eng
082
_a
420 DEL
100
_a
DELLAR HUGH
245
_a
INNOVATIONS INTERMEDIATE
260
_c
2004
999
_c
34165
_d
34165